000 00601nam a2200241Ia 4500
003 OSt
005 20220912152002.0
006 a|||||r|||| 00| 0
007 ta
008 220909b |||||||| |||| 00| 0 eng d
024 _a62704
037 _cTextual
040 _aCSL
_beng
_cCSL
041 _aeng
082 _aE305, 113H4
100 _aDanckwortt P W
245 0 _aLumineszenz-analyse in filtrierten ultraviatetten licht
260 _c1944
300 _ap.
_ccm.
650 _aBiochemistry
942 _hE305, 113H4
_cTEXL
_2CC
999 _c78640
_d78640